Statistiques concernant Les 20 préfectures les plus proches de Guéret

Cliquez ici pour prendre le quiz!

Statistiques générales

  • Ce quiz a été pris 63 fois
  • Le résultat moyen est 16 sur 20

Statistiques - réponses

distance (en km)ville préfecture% Correct
103Clermont-Ferrand
100%
60Limoges
96%
126Poitiers
91%
101Tulle
91%
109Bourges
88%
163.12Tours
88%
121Moulins
86%
145.07Aurillac
84%
74Chateauroux
82%
181Niort
82%
201Le Puy en Velay
80%
193Orléans
80%
211Saint-Etienne
80%
163.17Blois
79%
194Cahors
79%
141Perigueux
79%
210Rodez
77%
144.68Angoulême
75%
134Nevers
71%
222Auxerre
57%

Distribution des résultats

Percentile par nombre de réponses

% des personnes avec chaque résultat

Votre développement - résultats

Vous n’avez pas pris ce quiz